[Event "EU-ch Online U16"]
[Site "Tornelo INT"]
[Date "2020.09.19"]
[Round "4"]
[White "Winkin, Jos"]
[Black "Kristoferitsch, Daniel"]
[Result "0-1"]
[WhiteElo "1177"]
[BlackElo "1865"]
[PlyCount "64"]
[EventDate "2020.09.18"]
[EventType "swiss (rapid)"]
[EventRounds "9"]
[EventCountry "NET"]
[SourceTitle "EXT 2023"]
[Source "ChessBase"]
[SourceDate "2022.10.05"]
[SourceVersion "1"]
[SourceVersionDate "2022.10.05"]
[SourceQuality "1"]
[WhiteTeam "Luxembourg"]
[BlackTeam "Austria"]
[WhiteTeamCountry "LUX"]
[BlackTeamCountry "AUT"]

1. e4 c5 2. Nf3 e6 3. d4 cxd4 4. Nxd4 Nf6 5. Nc3 Nc6 6. g3 Be7 7. Bg2 0-0 8. 0-0 d6 9. Re1 a6 10. Nxc6 bxc6 11. e5 Nd5 12. Nxd5 exd5 13. c4 dxc4 14. Bxc6 Rb8 15. Bf4 dxe5 16. Qxd8 Bxd8 17. Bxe5 Rb6 18. Ba4 Be6 19. Bd4 Rb4 20. Bc2 Be7 21. f4 Rd8 22. Rad1 Rxd4 23. Rxd4 Bc5 24. Red1 Rxb2 25. Kf1 Bxd4 26. Rxd4 g6 27. Rd2 Kg7 28. a4 Bf5 29. Ke1 Rxc2 30. Rxc2 Bxc2 31. Kd2 Bxa4 32. Kc3 Bb5 0-1

[Event "EU-ch Online U16"]
[Site "Tornelo INT"]
[Date "2020.09.18"]
[Round "1"]
[White "Koch Mueller, Oscar"]
[Black "Winkin, Jos"]
[Result "1-0"]
[WhiteElo "1948"]
[BlackElo "1177"]
[PlyCount "79"]
[EventDate "2020.09.18"]
[EventType "swiss (rapid)"]
[EventRounds "9"]
[EventCountry "NET"]
[SourceTitle "EXT 2023"]
[Source "ChessBase"]
[SourceDate "2022.10.05"]
[SourceVersion "1"]
[SourceVersionDate "2022.10.05"]
[SourceQuality "1"]
[WhiteTeam "Denmark"]
[BlackTeam "Luxembourg"]
[WhiteTeamCountry "DEN"]
[BlackTeamCountry "LUX"]

1. d4 Nf6 2. c4 g6 3. Nc3 d5 4. cxd5 Nxd5 5. e4 Nxc3 6. bxc3 Bg7 7. Bg5 c5 8. Rc1 0-0 9. Nf3 Bg4 10. d5 Qa5 11. Qd2 Re8 12. c4 Qxd2+ 13. Kxd2 Nd7 14. Rb1 b6 15. a4 h6 16. Bh4 f5 17. Bd3 Bxf3 18. gxf3 g5 19. Bxg5 hxg5 20. Rhg1 Ne5 21. Ke3 f4+ 22. Ke2 Bf6 23. h4 Kf7 24. hxg5 Bh8 25. Rg2 Rg8 26. Rh1 Rg6 27. Rh4 Nxd3 28. Kxd3 Be5 29. Rh7+ Rg7 30. Rh5 Bd6 31. e5 Bc7 32. e6+ Kg6 33. Rh6+ Kf5 34. g6 Kf6 35. Ke4 Bd6 36. Rh5 Rxg6 37. Rf5+ Kg7 38. Rf7+ Kh6 39. Rh2+ Kg5 40. Rf5# 1-0

[Event "EU-ch Online U16"]
[Site "Tornelo INT"]
[Date "2020.09.18"]
[Round "2"]
[White "Winkin, Jos"]
[Black "Hadjinicolaou, Andreas"]
[Result "1/2-1/2"]
[WhiteElo "1177"]
[BlackElo "1781"]
[PlyCount "119"]
[EventDate "2020.09.18"]
[EventType "swiss (rapid)"]
[EventRounds "9"]
[EventCountry "NET"]
[SourceTitle "EXT 2023"]
[Source "ChessBase"]
[SourceDate "2022.10.05"]
[SourceVersion "1"]
[SourceVersionDate "2022.10.05"]
[SourceQuality "1"]
[WhiteTeam "Luxembourg"]
[BlackTeam "Zypern"]
[WhiteTeamCountry "LUX"]
[BlackTeamCountry "CYP"]

1. e4 d5 2. exd5 Qxd5 3. Nc3 Qd6 4. d4 Nf6 5. Nf3 a6 6. Bc4 b5 7. Bb3 Bb7 8. 0-0 e6 9. Re1 c5 10. a3 Be7 11. Bg5 0-0 12. Bxf6 Bxf6 13. Ne4 Bxe4 14. Rxe4 Rd8 15. c3 Nc6 16. dxc5 Qxc5 17. Qc2 Rd6 18. Ree1 Rad8 19. Rad1 Ne5 20. Nxe5 Bxe5 21. Rxd6 Qxd6 22. g3 h6 23. Rd1 Qc7 24. Rxd8+ Qxd8 25. Qe4 Bf6 26. Qe2 Qd6 27. Qd1 Qxd1+ 28. Bxd1 a5 29. Be2 b4 30. axb4 axb4 31. cxb4 Bxb2 32. Kg2 Kf8 33. Kf3 Bd4 34. Bd3 Ke7 35. Ke2 e5 36. f3 Kd6 37. h3 f6 38. Kd2 g5 39. g4 Kc6 40. Bc4 Kd6 41. Kd3 Kc6 42. Ke4 Bc3 43. b5+ Kc5 44. Bd3 Kd6 45. Kf5 Bd4 46. Be4 Ke7 47. Kg6 Bf2 48. Bd5 Kd6 49. Bc4 e4 50. fxe4 Ke5 51. Bd5 Bd4 52. Kxh6 Kf4 53. Kg6 Kg3 54. b6 Kxh3 55. b7 Be5 56. Kf5 Kg3 57. Bc6 Kf3 58. Bd5 Kg3 59. Bc6 Kf3 60. Bd5 1/2-1/2

[Event "EU Union-ch U14 17th"]
[Site "Mureck"]
[Date "2019.08.02"]
[Round "3"]
[White "Winkin, Jos"]
[Black "Rejniak, Zuzanna"]
[Result "1/2-1/2"]
[WhiteElo "1689"]
[BlackElo "1808"]
[PlyCount "108"]
[EventDate "2019.07.31"]
[EventType "swiss"]
[EventRounds "9"]
[EventCountry "AUT"]
[SourceTitle "EXT 2020"]
[Source "ChessBase"]
[SourceDate "2019.10.17"]
[SourceVersion "1"]
[SourceVersionDate "2019.10.17"]
[SourceQuality "1"]

1. e4 c5 2. Nf3 d6 3. d4 cxd4 4. Nxd4 Nf6 5. f3 e5 6. Nb3 Be6 7. c4 Nbd7 8. Be3 Rc8 9. Nc3 a6 10. Nd5 Bxd5 11. cxd5 Be7 12. Be2 0-0 13. 0-0 Rc7 14. Bd2 Qb8 15. Ba5 Qa7+ 16. Kh1 Rcc8 17. Qd2 Nc5 18. Nxc5 Rxc5 19. Qe3 Qb8 20. b4 Rc2 21. Rfc1 Rxc1+ 22. Rxc1 Bd8 23. Bxd8 Qxd8 24. Qc3 Qb6 25. a3 h6 26. Qc7 Qe3 27. Re1 Qf2 28. Qc1 Kh7 29. Qd2 Rc8 30. Rf1 Qb6 31. g3 Qc7 32. Rd1 Qc3 33. Qxc3 Rxc3 34. Rd3 Rxd3 35. Bxd3 Nd7 36. Bc2 f6 37. a4 b6 38. Kg2 Kg8 39. Kf2 Kf7 40. Ke2 Ke7 41. Kd3 Kf7 42. Kc3 Ke7 43. Bd3 Nb8 44. a5 b5 45. Kd2 g5 46. Ke2 Kf7 47. Kf2 Kg6 48. Ke3 h5 49. f4 Nd7 50. Kf3 Nb8 51. fxe5 fxe5 52. Bf1 g4+ 53. Kg2 Kg5 54. h3 Nd7 1/2-1/2

[Event "EU Union-ch U14 17th"]
[Site "Mureck"]
[Date "2019.08.01"]
[Round "2"]
[White "Smirnova, Jekaterina1111"]
[Black "Winkin, Jos"]
[Result "0-1"]
[WhiteElo "1372"]
[BlackElo "1689"]
[PlyCount "64"]
[EventDate "2019.07.31"]
[EventType "swiss"]
[EventRounds "9"]
[EventCountry "AUT"]
[SourceTitle "EXT 2020"]
[Source "ChessBase"]
[SourceDate "2019.10.17"]
[SourceVersion "1"]
[SourceVersionDate "2019.10.17"]
[SourceQuality "1"]

1. c4 Nf6 2. Nc3 d5 3. cxd5 Nxd5 4. Nf3 g6 5. g3 Bg7 6. Bg2 Nb6 7. 0-0 Nc6 8. e3 e5 9. a3 0-0 10. d3 Bf5 11. Ne1 Qd7 12. e4 Bg4 13. f3 Be6 14. Be3 Nc8 15. Kh1 N8e7 16. b4 Nd4 17. Bxd4 Qxd4 18. Qc1 Nc6 19. Qd2 Rad8 20. Rd1 Qd7 21. Ne2 a6 22. Qc3 f5 23. Nc2 fxe4 24. dxe4 Qe7 25. Ne3 Rxd1 26. Rxd1 Nd4 27. Ng1 Rd8 28. Rd2 Bh6 29. Ne2 Nb5 30. Rxd8+ Qxd8 31. Qc1 Qd3 32. f4 Qxe2 0-1

[Event "EU-ch U12 27th"]
[Site "Mamaia"]
[Date "2017.09.12"]
[Round "7"]
[White "Davidov, Lazar"]
[Black "Winkin, Jos"]
[Result "1/2-1/2"]
[WhiteElo "1602"]
[BlackElo "1432"]
[PlyCount "63"]
[EventDate "2017.09.05"]
[EventType "swiss"]
[EventRounds "9"]
[EventCountry "ROU"]
[SourceTitle "CBM 180 Extra"]
[Source "ChessBase"]
[SourceDate "2017.10.06"]
[SourceVersion "1"]
[SourceVersionDate "2017.10.06"]
[SourceQuality "1"]

1. d4 Nf6 2. Nf3 e6 3. e3 d5 4. Bd3 b6 5. Nbd2 Bb7 6. 0-0 Bd6 7. Qe2 Ne4 8. c4 0-0 9. Nb3 Nd7 10. Qc2 Qf6 11. Nbd2 Qg6 12. cxd5 exd5 13. b3 f5 14. Bb5 c6 15. Bd3 Qh6 16. Bb2 Rfe8 17. a3 g5 18. g3 g4 19. Ne1 c5 20. Bb5 Re7 21. Bxd7 Rxd7 22. dxc5 Bxc5 23. Nd3 Bxe3 24. Nxe4 dxe4 25. Ne5 Rd2 26. Qc7 Rxb2 27. Qxb7 Rf8 28. Qd5+ Kg7 29. Qd7+ Kg8 30. Qd5+ Kg7 31. Qd7+ Kg8 32. Qd5+ 1/2-1/2

[Event "EU-ch U12 27th"]
[Site "Mamaia"]
[Date "2017.09.06"]
[Round "2"]
[White "Valtemara, Mattia Angelo"]
[Black "Winkin, Jos"]
[Result "1-0"]
[WhiteElo "1910"]
[BlackElo "1432"]
[PlyCount "67"]
[EventDate "2017.09.05"]
[EventType "swiss"]
[EventRounds "9"]
[EventCountry "ROU"]
[SourceTitle "CBM 180 Extra"]
[Source "ChessBase"]
[SourceDate "2017.10.06"]
[SourceVersion "1"]
[SourceVersionDate "2017.10.06"]
[SourceQuality "1"]

1. e4 e5 2. Nf3 Nc6 3. Bc4 Bc5 4. 0-0 Nf6 5. d3 d6 6. c3 Bb6 7. Nbd2 Ne7 8. Bb3 Ng6 9. h3 0-0 10. Re1 Be6 11. Nf1 Qd7 12. Ng3 Bxh3 13. gxh3 Qxh3 14. d4 Ng4 15. Be3 Nxe3 16. Rxe3 exd4 17. cxd4 c5 18. Ng5 Qh4 19. Qh5 Qxh5 20. Nxh5 cxd4 21. Rg3 Rae8 22. Re1 Re5 23. f4 Rc5 24. f5 d3 25. Kf1 Ne5 26. Nxg7 d2 27. Rd1 Rc1 28. N7e6 Rfc8 29. Nf3+ Kh8 30. Nxe5 dxe5 31. Ng5 Rxd1+ 32. Bxd1 Rc7 33. Ke2 Rd7 34. Bb3 1-0

[Event "Wch U12"]
[Site "Pocos de Caldas"]
[Date "2017.08.28"]
[Round "8"]
[White "Winkin, Jos"]
[Black "Vissarionovs, Artjoms"]
[Result "0-1"]
[WhiteElo "1432"]
[BlackElo "1429"]
[PlyCount "58"]
[EventDate "2017.08.22"]
[EventType "swiss"]
[EventRounds "11"]
[EventCountry "BRA"]
[SourceTitle "CBM 180 Extra"]
[Source "ChessBase"]
[SourceDate "2017.10.06"]
[SourceVersion "1"]
[SourceVersionDate "2017.10.06"]
[SourceQuality "1"]

1. e4 e5 2. Nf3 Nc6 3. Bc4 Nf6 4. Ng5 d5 5. exd5 Na5 6. Bb5+ c6 7. dxc6 bxc6 8. Be2 h6 9. Nf3 e4 10. Ne5 Bd6 11. f4 exf3 12. Nxf3 Bf5 13. 0-0 0-0 14. d4 Re8 15. Nc3 Qc7 16. h3 Rad8 17. a3 Nb7 18. b4 Qe7 19. Bc4 Bxb4 20. axb4 Qxb4 21. Bxf7+ Kxf7 22. Rxa7 Kg8 23. Bd2 Qb6 24. Ra4 c5 25. dxc5 Nxc5 26. Ra3 Nce4+ 27. Kh2 Qd6+ 28. Kg1 Qxa3 29. Nxe4 Nxe4 0-1

[Event "Wch U12"]
[Site "Pocos de Caldas"]
[Date "2017.08.24"]
[Round "4"]
[White "Rossel Grandon, Cristobal Alejandro"]
[Black "Winkin, Jos"]
[Result "0-1"]
[WhiteElo "1339"]
[BlackElo "1432"]
[PlyCount "80"]
[EventDate "2017.08.22"]
[EventType "swiss"]
[EventRounds "11"]
[EventCountry "BRA"]
[SourceTitle "CBM 180 Extra"]
[Source "ChessBase"]
[SourceDate "2017.10.06"]
[SourceVersion "1"]
[SourceVersionDate "2017.10.06"]
[SourceQuality "1"]

1. e4 e5 2. Nf3 Nc6 3. d4 exd4 4. Bc4 Bc5 5. c3 Nf6 6. e5 d5 7. Bb5 Ne4 8. cxd4 Bb6 9. 0-0 0-0 10. Nc3 Bg4 11. Bxc6 bxc6 12. Be3 f6 13. h3 Bxf3 14. Qxf3 fxe5 15. Qg4 exd4 16. Nxe4 dxe3 17. Ng5 e2 18. Qe6+ Kh8 19. Nf7+ Rxf7 20. Qxf7 exf1Q+ 21. Rxf1 Qf8 22. Qe6 Re8 23. Qxc6 Re2 24. Qxd5 Rxb2 25. Qe5 Rxf2 26. Rxf2 Bxf2+ 27. Kh2 Bc5 28. Qe2 h6 29. Kh1 Bb6 30. Kh2 c5 31. Kh1 Qf7 32. a3 c4 33. Qg4 Qf1+ 34. Kh2 Bc7+ 35. g3 Bb6 36. Qc8+ Kh7 37. h4 Bg1+ 38. Kh1 Bf2+ 39. Kh2 Qg1+ 40. Kh3 Qxg3# 0-1

[Event "EU-ch U12 26th"]
[Site "Prague"]
[Date "2016.08.25"]
[Round "7"]
[White "Winkin, Jos"]
[Black "Dwyer, Daniel1111"]
[Result "0-1"]
[WhiteElo "1247"]
[BlackElo "1629"]
[PlyCount "64"]
[EventDate "2016.08.18"]
[EventType "swiss"]
[EventRounds "9"]
[EventCountry "CZE"]
[SourceTitle "CBM 174 Extra"]
[Source "ChessBase"]
[SourceDate "2016.10.10"]
[SourceVersion "1"]
[SourceVersionDate "2016.10.10"]
[SourceQuality "1"]

1. e4 c6 2. d4 d5 3. exd5 cxd5 4. c3 Nf6 5. Bd3 Nc6 6. Bf4 e6 7. Nf3 Bd6 8. Bxd6 Qxd6 9. 0-0 0-0 10. Qe2 a6 11. Nbd2 b5 12. Ne5 Bd7 13. f4 Rfc8 14. Rf3 Ne7 15. Rh3 Ng6 16. Qf3 b4 17. c4 dxc4 18. Ndxc4 Qxd4+ 19. Kh1 Bb5 20. Rd1 Qc5 21. Nd6 Bc6 22. Qe2 Nxf4 23. Qe3 Bxg2+ 24. Kg1 Nxh3+ 25. Kxg2 Qxe3 26. Nxc8 Nf4+ 27. Kf1 Rxc8 28. Nc4 Qf3+ 29. Ke1 Nxd3+ 30. Kd2 Ne4+ 31. Kc2 Rxc4+ 32. Kb1 Qxd1# 0-1

[Event "EU-ch U12 26th"]
[Site "Prague"]
[Date "2016.08.24"]
[Round "6"]
[White "Sarighioleanu, Sebastian Laurentiu"]
[Black "Winkin, Jos"]
[Result "1-0"]
[WhiteElo "1572"]
[BlackElo "1247"]
[PlyCount "65"]
[EventDate "2016.08.18"]
[EventType "swiss"]
[EventRounds "9"]
[EventCountry "CZE"]
[SourceTitle "CBM 174 Extra"]
[Source "ChessBase"]
[SourceDate "2016.10.10"]
[SourceVersion "1"]
[SourceVersionDate "2016.10.10"]
[SourceQuality "1"]

1. d4 Nf6 2. c4 e6 3. Nc3 d5 4. e3 Be7 5. Nf3 0-0 6. Bd3 b6 7. cxd5 exd5 8. h3 Bb7 9. 0-0 Nc6 10. a3 Re8 11. Qc2 Bd6 12. b4 Ne4 13. Nxe4 dxe4 14. Bxe4 Nxb4 15. Bxh7+ Kh8 16. axb4 g6 17. Bxg6 fxg6 18. Ne5 Bxe5 19. dxe5 Qg5 20. f3 Rf8 21. e4 Qg3 22. Bb2 Rfe8 23. Qxc7 Kg8 24. Qxb7 Reb8 25. Qd5+ Kf8 26. Qd6+ Ke8 27. Qe6+ Kf8 28. Qf6+ Ke8 29. Qc6+ Kf8 30. Qd6+ Kg8 31. Rxa7 Kh8 32. Qf6+ Kg8 33. Qg7# 1-0

[Event "EU-ch U12 26th"]
[Site "Prague"]
[Date "2016.08.21"]
[Round "4"]
[White "Nesse, David"]
[Black "Winkin, Jos"]
[Result "1-0"]
[WhiteElo "1602"]
[BlackElo "1247"]
[PlyCount "57"]
[EventDate "2016.08.18"]
[EventType "swiss"]
[EventRounds "9"]
[EventCountry "CZE"]
[SourceTitle "CBM 174 Extra"]
[Source "ChessBase"]
[SourceDate "2016.10.10"]
[SourceVersion "1"]
[SourceVersionDate "2016.10.10"]
[SourceQuality "1"]

1. e4 e5 2. Nf3 Nc6 3. d4 exd4 4. Nxd4 Qh4 5. Nb5 Bc5 6. Qe2 Nd4 7. Nxd4 Bxd4 8. c3 Bb6 9. g3 Qe7 10. Bg2 d6 11. 0-0 Nf6 12. Be3 0-0 13. Nd2 c6 14. Bxb6 axb6 15. Nc4 Qc7 16. Rfd1 Rd8 17. Qd3 d5 18. exd5 Nxd5 19. Bxd5 Rxd5 20. Qe3 Rxd1+ 21. Rxd1 Be6 22. Nxb6 Rxa2 23. Qf4 Qe7 24. Qb8+ Qf8 25. Rd8 g6 26. Rxf8+ Kg7 27. Rg8+ Kh6 28. Qf4+ Kh5 29. Qh4# 1-0

[Event "EU Union-ch U12 14th"]
[Site "Mureck"]
[Date "2016.08.09"]
[Round "7"]
[White "Winkin, Jos"]
[Black "Schilay, Maria"]
[Result "0-1"]
[WhiteElo "1247"]
[BlackElo "1210"]
[PlyCount "116"]
[EventDate "2016.08.03"]
[EventType "swiss"]
[EventRounds "9"]
[EventCountry "AUT"]
[SourceTitle "CBM 174 Extra"]
[Source "ChessBase"]
[SourceDate "2016.10.10"]
[SourceVersion "1"]
[SourceVersionDate "2016.10.10"]
[SourceQuality "1"]

1. e4 e5 2. Nf3 Nc6 3. Bc4 Nf6 4. Ng5 d5 5. exd5 Nd4 6. c3 b5 7. Bf1 Nxd5 8. cxd4 Qxg5 9. Bxb5+ Kd8 10. 0-0 Bb7 11. Qf3 Rb8 12. d3 Nf4 13. Bxf4 exf4 14. Qh3 Qxb5 15. b3 Bd6 16. Nd2 Qd7 17. Qh4+ Qe7 18. Qg4 g5 19. Rfe1 Qf6 20. Ne4 Bxe4 21. dxe4 h5 22. Qd1 Qe6 23. e5 Bb4 24. d5 Qd7 25. Re2 Re8 26. d6 c6 27. Qd3 Rb5 28. a3 Rd5 29. Qc4 Bxa3 30. h3 Bc5 31. b4 Bb6 32. Rae1 Rd4 33. Qc3 Qc8 34. Rd2 Rxd2 35. Qxd2 Qe6 36. Qe2 Bd4 37. Qxh5 f6 38. Qf3 Qd5 39. Qxd5 cxd5 40. e6 Be5 41. e7+ Kd7 42. Rd1 Kxd6 43. Kh2 Rxe7 44. Rc1 Rb7 45. Rc8 Rxb4 46. Ra8 Ra4 47. g3 f3 48. Kg1 Ra1+ 49. Kh2 Ra2 50. Kg1 Bd4 51. g4 Rxf2 52. Re8 Re2+ 53. Kf1 Rxe8 54. h4 f2 55. hxg5 Re1+ 56. Kg2 f1Q+ 57. Kg3 Be5+ 58. Kh4 Qh1# 0-1

[Event "EU Union-ch U12 14th"]
[Site "Mureck"]
[Date "2016.08.06"]
[Round "4"]
[White "Murko, Tadej"]
[Black "Winkin, Jos"]
[Result "1-0"]
[WhiteElo "1407"]
[BlackElo "1247"]
[PlyCount "75"]
[EventDate "2016.08.03"]
[EventType "swiss"]
[EventRounds "9"]
[EventCountry "AUT"]
[SourceTitle "CBM 174 Extra"]
[Source "ChessBase"]
[SourceDate "2016.10.10"]
[SourceVersion "1"]
[SourceVersionDate "2016.10.10"]
[SourceQuality "1"]

1. e4 e5 2. Nf3 Nc6 3. Bc4 Bc5 4. b4 Bxb4 5. c3 Be7 6. d4 Na5 7. Nxe5 Nxc4 8. Nxc4 d5 9. exd5 Qxd5 10. Ne3 Qa5 11. 0-0 Be6 12. c4 0-0-0 13. d5 Bf6 14. Bd2 Qa6 15. Nc3 Nh6 16. Rb1 c6 17. Qc2 Bd7 18. Ne4 Be5 19. Nc5 Qa3 20. Bb4 Bxh2+ 21. Kxh2 Qxe3 22. fxe3 Ng4+ 23. Kg1 Nxe3 24. Qd3 Nxf1 25. Rxf1 Be8 26. Qf5+ Kb8 27. Qe5+ Ka8 28. Qxg7 Bd7 29. Nxd7 Rhe8 30. Rxf7 Re4 31. Rf8 Ree8 32. Rf7 Rg8 33. Rf8 Rgxf8 34. Bxf8 a6 35. Nc5 Rb8 36. Bd6 b6 37. Bxb8 bxc5 38. Qa7# 1-0

[Event "EU Union-ch U12 14th"]
[Site "Mureck"]
[Date "2016.08.05"]
[Round "3"]
[White "Winkin, Jos"]
[Black "Vicze, Zsofia"]
[Result "1-0"]
[WhiteElo "1247"]
[BlackElo "1428"]
[PlyCount "105"]
[EventDate "2016.08.03"]
[EventType "swiss"]
[EventRounds "9"]
[EventCountry "AUT"]
[SourceTitle "CBM 174 Extra"]
[Source "ChessBase"]
[SourceDate "2016.10.10"]
[SourceVersion "1"]
[SourceVersionDate "2016.10.10"]
[SourceQuality "1"]

1. e4 c5 2. d4 cxd4 3. Nf3 Nc6 4. Nxd4 Nf6 5. Nxc6 bxc6 6. Bd3 e5 7. 0-0 d5 8. exd5 cxd5 9. Bg5 Be7 10. Nc3 0-0 11. Bxf6 Bxf6 12. Nxd5 Bb7 13. Nxf6+ Qxf6 14. Qe2 e4 15. Bxe4 Rae8 16. f3 Bxe4 17. fxe4 Qd4+ 18. Kh1 Rxe4 19. Qd3 Qe5 20. c3 Re8 21. Qd7 f6 22. Qxa7 Rh4 23. Qg1 Qh5 24. g3 Re2 25. Rf2 Qd5+ 26. Qg2 Qxg2+ 27. Rxg2 Rhe4 28. Rxe2 Rxe2 29. b3 Kf7 30. a4 Rc2 31. c4 Rb2 32. Ra3 Ke6 33. a5 Rd2 34. a6 Rd8 35. a7 Ra8 36. b4 Kd6 37. b5 Kc7 38. c5 Kb7 39. Kg2 Kc7 40. b6+ Kb7 41. Kf3 Kc6 42. Kf4 g6 43. g4 h6 44. Ke4 Kb7 45. Kd5 Rd8+ 46. Ke6 Ka8 47. b7+ Kxb7 48. a8Q+ Rxa8 49. Rxa8 Kxa8 50. Kd7 Kb7 51. c6+ Kb6 52. c7 Kb5 53. c8Q 1-0

[Event "GER-ch U25 op-B"]
[Site "Willingen"]
[Date "2015.05.26"]
[Round "5"]
[White "Winkin, Jos"]
[Black "Bardorz, Stefan"]
[Result "0-1"]
[WhiteElo "913"]
[BlackElo "1241"]
[PlyCount "50"]
[EventDate "2015.05.24"]
[EventType "swiss"]
[EventRounds "9"]
[EventCountry "GER"]
[SourceTitle "CBM 166 Extra"]
[Source "ChessBase"]
[SourceDate "2015.06.18"]
[SourceVersion "1"]
[SourceVersionDate "2015.06.18"]
[SourceQuality "1"]

1. e4 e5 2. Nf3 Nc6 3. Bb5 Nf6 4. Nc3 Bb4 5. a3 Bxc3 6. dxc3 d6 7. Bg5 0-0 8. 0-0 Bg4 9. h3 Bh5 10. Re1 h6 11. Bh4 Qe7 12. Bxf6 Qxf6 13. Re3 Nd8 14. Qd2 Ne6 15. g3 Bxf3 16. g4 Ng5 17. Kh2 Bxe4 18. Kg3 Qf4+ 19. Kh4 Nf3+ 20. Rxf3 Qxd2 21. Rg3 Qxf2 22. Bd3 Bxd3 23. cxd3 g5+ 24. Kh5 Qxg3 25. Kxh6 Qh4# 0-1